The Undiscovered Country II Quiz Stats

 Plays Quiz Updated May 23, 2016

Challenge
Share
Tweet
Embed
Score 0/30 Timer 09:00
8 Plays Today
Word/Phrase Country % Correct
CAP____   CIT_Italy
91.8%
CAM__IDGE   __IV_RS_TYBrunei
91.2%
A_   L___   L_STTonga
87.2%
CHAN__  Y_U_  ALLE___NCEGeorgia
87.2%
FA__   _ND   S_UAREIraq
86.8%
O_   Y_U_   ___Norway
85.3%
A_TR_NO_IC__   D_ST_NCESomalia
80.6%
WAL_ING   __C_CLOPEDI_Kenya
79.2%
__L_MY_IAChad
77.3%
S___ISH   _R__DAPanama
76.6%
A___B___C_LLYCroatia
74.7%
RU___   _F   __E   R_ADLesotho
74.3%
HI__R_AT_O_Benin
70.1%
SA_B_T_   B_E_K__GBahrain
69.8%
BEYO_D   TH_   ___ENepal
69.3%
Word/Phrase Country % Correct
SODOM   ___   GOM____HAndorra
68.1%
P_AY   _T   __   E_RLibya
67.9%
TYRA_NOS____SNauru
65.5%
__E_NP_A__Greece
57.7%
S__T_ON   __GO_Taiwan
47.7%
_URFAC_   I_T__R__Senegal
40.4%
M_T___A__C   TU___East Timor
40.2%
P__LIA___TAR__NArmenia
40.2%
_P_CT_OPHO___Serbia
30.6%
_R_TH-____ETuvalu
24%
__LTI_B_CC_Samoa
21.1%
PE_C____ON   C_PRussia
16.1%
T___IM____LEstonia
16%
__A____I_'S   M_TEBotswana
7%
___N___Turkey
2.7%

You're not logged in!

Compare scores with friends on all Sporcle quizzes.
OR
Log In

You Might Also Like...

Show Comments

Extras

Top Quizzes Today


Score Distribution

Your Account Isn't Verified!

In order to create a playlist on Sporcle, you need to verify the email address you used during registration. Go to your Sporcle Settings to finish the process.

Report this User

Report this user for behavior that violates our Community Guidelines.

Details: